|
|
|
|
| LEADER |
01265nam a22003611a 4500 |
| 001 |
000034803 |
| 003 |
11017 |
| 005 |
20240925092410.0 |
| 008 |
151027s2006 000 eng |
| 020 |
|
|
|a 0072961945
|
| 040 |
|
|
|a lnn
|c lnn
|d lnn
|
| 041 |
|
|
|a eng
|
| 082 |
0 |
0 |
|a 658.8
|b ZE-V
|
| 100 |
1 |
|
|a Zeithaml, Valarie A.
|
| 245 |
1 |
0 |
|a Services marketing :
|b integrating customer focus across the firm /
|c Valarie A. Zeithaml, Mary Jo Bitner, Dwayne D. Gremler.
|
| 250 |
|
|
|a 4th ed.
|
| 260 |
|
|
|a Boston :
|b McGraw-Hill/Irwin,
|c c2006.
|
| 300 |
|
|
|a xxvii, 708 p. :
|b ill., map ;
|c 27 cm.
|
| 504 |
|
|
|a Includes bibliographical references and index.
|
| 650 |
|
0 |
|a Service industries
|x Marketing.
|
| 653 |
|
0 |
|a Customer services.
|
| 653 |
|
0 |
|a Marketing.
|
| 700 |
1 |
|
|a Bitner, Mary Jo.
|
| 700 |
1 |
|
|a Gremler, Dwayne D.
|
| OWN |
|
|
|a LNN
|
| AVA |
|
|
|a UDN50
|b LNN
|c English
|d 658.8ZE-V
|e available
|t Error 5001 Not defined in file expand_doc_bib_avail.
|f 1
|g 0
|h N
|i 0
|j AN
|k 1
|
| 999 |
|
|
|a From the UDN01
|
| AVA |
|
|
|a UDN50
|b LNN
|c English
|d 658.8ZE-V
|e available
|t Error 5001 Not defined in file expand_doc_bib_avail.
|f 1
|g 0
|h N
|i 0
|j AN
|k 1
|
| TYP |
|
|
|a Monograph
|
| 980 |
|
|
|a Mạng thư viện Đại học Đà Nẵng
|